Slum clearance and improvement: papers of the seminar (Record no. 412266)

000 -LEADER
fixed length control field 00396cam a22001217a 4500
008 - FIXED-LENGTH DATA ELEMENTS--GENERAL INFORMATION
fixed length control field 180718b1979 xxu||||| |||| 00| 0 eng d
082 ## - DEWEY DECIMAL CLASSIFICATION NUMBER
Classification number XA37x54 In2
245 ## - TITLE STATEMENT
Title Slum clearance and improvement: papers of the seminar
260 ## - PUBLICATION, DISTRIBUTION, ETC.
Place of publication, distribution, etc. New Delhi
Name of publisher, distributor, etc. Indian Institute Of Public Administration
Date of publication, distribution, etc. 1979
300 ## - PHYSICAL DESCRIPTION
Extent xii, 151p
650 ## - SUBJECT ADDED ENTRY--TOPICAL TERM
Topical term or geographic name entry element Housing --India --Congresses
650 ## - SUBJECT ADDED ENTRY--TOPICAL TERM
Topical term or geographic name entry element Slums --India --Congresses
Holdings
Withdrawn status Lost status Damaged status Not for loan Permanent Location Current Location Date acquired Full call number Barcode Date last seen Price effective from Koha item type
        Indian Institute of Public Administration Indian Institute of Public Administration 2009-02-04 XA37x54 In2 D2286 2018-07-21 2018-07-21 D

Powered by Koha